[Event "4NCL Division 1a"]
[Site "Solihull, ENG"]
[Date "2018.01.13"]
[Round "3.13"]
[White "Taylor, Martin R"]
[Black "Edouard, Romain"]
[Result "1/2-1/2"]
[WhiteElo "2351"]
[BlackElo "2613"]
[PlyCount "125"]
[EventDate "2018.01.13"]
[WhiteTeam "Barbican 4NCL 2"]
[BlackTeam "Guildford 1"]

1. d4 e6 2. c4 Bb4+ 3. Bd2 a5 4. e4 d6 5. Nf3 Nc6 6. Nc3 e5 7. a3 Bxc3 8. Bxc3
Bg4 9. d5 Nce7 10. h3 Bh5 11. c5 Nf6 12. cxd6 cxd6 13. Qa4+ Nd7 14. g4 Bg6 15.
Bb5 Nc8 16. Nd2 Ncb6 17. Qd1 h5 18. Qf3 hxg4 19. hxg4 Rxh1+ 20. Qxh1 Qg5 21.
Qf3 Ke7 22. Ke2 Nf6 23. Rg1 Rc8 24. Bxa5 Rc2 25. Qe3 Qxe3+ 26. Kxe3 Rxb2 27. a4
Nbxd5+ 28. exd5 Nxd5+ 29. Ke2 b6 30. Bxb6 Nxb6 31. Ra1 Nd5 32. Ra3 Rc2 33. f3
Nc3+ 34. Ke1 d5 35. Bf1 Kd6 36. a5 Rxd2 37. a6 Rd1+ 38. Kf2 Ne4+ 39. fxe4 Bxe4
40. a7 d4 41. a8=Q Bxa8 42. Rxa8 e4 43. Re8 e3+ 44. Kg2 Rd2+ 45. Kg3 Kc5 46.
Re7 f6 47. Ba6 Ra2 48. Bd3 Kb4 49. Kf3 Kc3 50. Be2 g5 51. Rc7+ Kd2 52. Rc4 d3
53. Rd4 Ra3 54. Bf1 Rb3 55. Be2 f5 56. gxf5 g4+ 57. Rxg4 Rb5 58. Rd4 Rxf5+ 59.
Ke4 Kxe2 60. Kxf5 d2 61. Kf4 d1=Q 62. Rxd1 Kxd1 63. Kxe3 1/2-1/2